Histoire de France par lettre - R - Statistiques

Statistiques générales
  • Ce quiz a été pris 20 207 fois
  • Le résultat moyen est 11 sur 20
Statistiques - réponses
Indices Réponses % Correct
Constructeur automobile français qui joua un rôle important dans la Première Guerre mondiale avant d'être accusé de collaboration avec l'ennemi à l'issue de la Seconde Renault
94%
Elle est marquée par la fin de l'Ancien Régime, la DDHC, la Terreur, le Directoire,... Révolution française
85%
Jugé bien pâle catholique, Henri IV n'y fut pas sacré, contrairement à la plupart des Rois de France Reims
83%
Mouvement artistique et culturel marqué par les règnes de François Ier et Henri II, l'arrivée des Médicis en France et la fin de vie de Léonard de Vinci au Clos Lucé Renaissance
81%
Cardinal principal ministre d'Etat sous Louis XIII de 1624 à 1642 Richelieu
80%
La France y soutint les Hutus dans un contexte de guerre civile qui déboucha sur le génocide des Tutsis en 1994 Rwanda
80%
Jeanne d'Arc y fut brûlée Rouen
77%
Phénomène physique dont l'étude valut un prix Nobel à Henri Becquerel et aux époux Curie en 1903 Radioactivité
68%
Ville protestante clef dans les guerres de Religion, assiégée entre 1627 et 1628 La {Rochelle}
65%
Ecrivain humaniste célèbre pour ses personnages de Pantagruel et Gargantua François Rabelais
57%
Dramaturge emblématique de la tragédie classique célèbre pour Andromaque, Britannicus,... Jean Racine
55%
Période de retour à la monarchie de 1814-1815 à 1830 Restauration
53%
Régicide assassin d'Henri IV François Ravaillac
49%
Convoqué au sujet du suffrage universel direct en 1962, de la régionalisation en 1969 ou encore le traité de Maastricht en 1992, il est codifié par l'article 11 de la Constitution Référendum
48%
Période s'étendant du décès de Louis XIV à la majorité de Louis XV marqué par la prise de pouvoir de Philippe d'Orléans Régence
45%
Neveu de Charlemagne en l'honneur duquel fut composée une célèbre chanson de geste Roland
34%
Victoire napoléonienne de 1797 donnant son nom à l'une des principales rues aujourd'hui cyclables de la capitale Rivoli
33%
Secrétaire général du PSU de 1967 à 1973 puis Premier ministre de François Mitterrand entre 1988 et 1991 Michel Rocard
25%
Province catalanophone cédée par l'Espagne à la France par le traité des Pyrénées en 1659 Roussillon
19%
Défaite carolingienne de 778 au cours de laquelle ce dernier fut tué par les Vascons Bataille de {Roncevaux}
11%
Aucun quiz correspondant
Distribution des résultats
% des personnes avec chaque résultat
Percentile par nombre de réponses
Votre historique - résultats
Vous n’avez pas pris ce quiz